Introducation to fashion design (Record no. 47818)

MARC details
000 -LEADER
fixed length control field 00392nam a2200157Ia 4500
008 - FIXED-LENGTH DATA ELEMENTS--GENERAL INFORMATION
fixed length control field 220805s9999 xx 000 0 und d
020 ## - INTERNATIONAL STANDARD BOOK NUMBER
International Standard Book Number 0-7134 6017 2
041 ## - LANGUAGE CODE
Language code of text/sound track or separate title eng
082 ## - DEWEY DECIMAL CLASSIFICATION NUMBER
Classification number 746.92
100 ## - MAIN ENTRY--PERSONAL NAME
Personal name Ireland, Patrick John
9 (RLIN) 87086
260 ## - PUBLICATION, DISTRIBUTION, ETC. (IMPRINT)
Place of publication, distribution, etc. London
Name of publisher, distributor, etc. B T Batsford
Date of publication, distribution, etc. 1992
245 ## - TITLE STATEMENT
Title Introducation to fashion design
250 ## - EDITION STATEMENT
Edition statement 1
300 ## - PHYSICAL DESCRIPTION
Extent 95
650 ## - SUBJECT ADDED ENTRY--TOPICAL TERM
Topical term or geographic name as entry element Fashion design
9 (RLIN) 87087
Holdings
Withdrawn status Lost status Damaged status Not for loan Collection code Home library Current library Date acquired Vendor Cost, normal purchase price Total Checkouts Full call number Barcode Date last seen Bill Date Koha item type Original Barcode
          Manilal Nanavati Vocational Training Institute Pune Manilal Nanavati Vocational Training Institute Pune 09/08/2022 Purchase 1042.00   746.92/JOH/B261 MNVT-BK-261 09/08/2022 09/08/2022 Books B261